Atlas de los imperios: de Babilonia a la Rusia soviética

Uloženo v:
Podrobná bibliografie
Hlavní autoři: Chaliand, Gérard (Autor), Rageau, Jean-Pierre (Autor)
Médium: Kniha
Jazyk:španělština
Vydáno: Barcelona Paidós 2001
Edice:Paidós Orígenes, 26
Témata:
Tagy: Přidat tag
Žádné tagy, Buďte první, kdo vytvoří štítek k tomuto záznamu!

MARC

LEADER 00000nam a2200000 a 4500
001 UCM1710
003 CL-VaPUC
008 020412e20010000SP |||||||||||||||||spa|d
082 0 4 |a 912  |b CHA  |2 21 
100 |a Chaliand, Gérard  |e author  |9 468500 
700 0 |a Rageau, Jean-Pierre  |e author  |9 468501 
245 1 0 |a Atlas de los imperios: de Babilonia a la Rusia soviética 
300 |a 96 p 
942 |c BK 
945 |d 20020412 00:00:00  |a vberengu 
260 |a Barcelona  |b Paidós  |c 2001 
650 0 |a Atlas   |9 260843 
650 7 |a IMPERIO ASIRIO  |2 CL-VaPUC  |9 391791 
650 7 |a IMPERIO AQUEMENIDA  |2 CL-VaPUC  |9 468502 
650 7 |a IMPERIO DE ALEJANDRO MAGNO  |2 CL-VaPUC  |9 468503 
650 7 |a IMPERIO MAURYA  |2 CL-VaPUC  |9 468504 
650 7 |a IMPERIO CHINO  |2 CL-VaPUC  |9 468505 
650 0 |a Imperio Romano  |9 322785 
650 7 |a IMPERIO DE JUSTINIANO  |2 CL-VaPUC  |9 468506 
650 7 |a IMPERIO DE LOS OMEYAS  |2 CL-VaPUC  |9 468507 
650 7 |a IMPERIO DE LOS ABASIDAS  |2 CL-VaPUC  |9 468508 
650 0 |a Imperio Bizantino  |9 315386 
650 7 |a IMPERIO SELEUCIDA  |2 CL-VaPUC  |9 468509 
650 0 |a Sacro Imperio Romano Germánico  |9 468510 
650 7 |a IMPERIO MONGOL  |2 CL-VaPUC  |9 314068 
650 7 |a IMPERIO DE TAMERLAN  |2 CL-VaPUC  |9 468511 
650 7 |a IMPERIO OTOMANO  |2 CL-VaPUC  |9 440764 
650 7 |a IMPERIO NAPOLEONICO  |2 CL-VaPUC  |9 468512 
650 7 |a IMPERIO RUSO  |2 CL-VaPUC  |9 436261 
650 7 |a IMPERIO ALEMAN  |2 CL-VaPUC  |9 440857 
650 7 |a IMPERIO BRITANICO  |2 CL-VaPUC  |9 435477 
651 7 |a ATENAS  |2 CL-VaPUC  |9 323854 
651 0 |a China   |9 257545 
651 0 |a España  |9 254926 
651 7 |a PORTUGAL  |2 CL-VaPUC  |9 255007 
651 0 |a Estados Unidos  |9 255178 
651 0 |a Japón   |9 260391 
651 0 |a Unión Soviética  |9 256769 
583 |a last modification  |c 20020412 00:00:00  |k Rodrigo Vera 
490 0 |a Paidós Orígenes, 26 
999 |c 299956  |d 299954 
952 |0 0  |1 0  |4 0  |6 912_000000000000000_CHA_2001  |7 0  |8 X  |9 357140  |a BIBHIS  |b BIBHIS  |d 2019-11-21  |i 3807274  |l 2  |m 1  |o 912 CHA 2001  |p 3807274  |r 2024-08-08  |s 2024-07-25  |w 2019-11-21  |y BK_X  |k HIS